Evropské integrační trendy

Významné tendencie vo svetovom hospodárstve. Hospodársky rast rozvinutých krajín v r. 1993-1994. Hospodárska situácia a výsledky koncernu Volkswagen. Národné informačné stredisko Českej republiky.

Saved in:
Bibliographic Details
Main Author: Stehlík, J.
Other Authors: Štrup, I., Hartmanová, D.
Format: Book Chapter
Language:Czech
Subjects:
Tags: Add Tag
No Tags, Be the first to tag this record!

MARC

LEADER 00000naa a2200000 4500
001 r023881
005 20221213082256.9
041 0 |a cze 
044 |a CZ 
245 1 0 |a Evropské integrační trendy  |c J. Stehlík, I. Štrup, D. Hartmanová 
520 |a Významné tendencie vo svetovom hospodárstve. Hospodársky rast rozvinutých krajín v r. 1993-1994. Hospodárska situácia a výsledky koncernu Volkswagen. Národné informačné stredisko Českej republiky. 
610 2 0 |a integrácia ekonomická medzinárodná 
610 2 0 |a Európa 
610 2 0 |a rast hospodársky 
610 2 0 |a 1993-1994 
610 2 0 |a priemysel automobilový 
610 2 0 |a Volkswagen 
610 2 0 |a strediská informačné 
610 2 0 |a Česko 
100 1 |a Stehlík, J. 
700 1 |a Štrup, I. 
700 1 |a Hartmanová, D.